000 00623nam a2200265Ia 4500
003 OSt
005 20220912152454.0
006 a|||||r|||| 00| 0
007 ta
008 220909b |||||||| |||| 00| 0 eng d
024 _a45428
037 _cTextual
040 _aCSL
_beng
_cCSL
041 _aeng
082 _aG91z7, L8
100 _aNorris J R
245 0 _aEssays in microbiology
260 _c1978
300 _ap.
_ccm.
650 _a Microbiology
650 _aBiology
700 _a Richmond M H
942 _hG91z7, L8
_cTEXL
_2CC
999 _c86979
_d86979